000 00495nam a2200193Ia 4500
005 20240823045650.0
008 240823s9999||||xx |||||||||||||| ||und||
020 _a978-81-315-1582-2
041 _aENGLISH
082 _A622 Q1
100 _aMichael S Nolan
245 0 _aFundamentals of Air Traffic control
250 _a4th
260 _c2011
_bCengage Learning
_aNew Delhi
500 _aTRANSFERED
650 _aAir Traffic
_bAeronautical Engineering
942 _cBK
999 _c215485
_d215485